000 00558nam a2200205 4500
003 SEACOMEC
005 20250113135503.0
008 231006b |||||||| |||| 00| 0 eng d
020 _a978-0201308648
040 _aSEACOMEC
082 _a629.8
_bD693
100 1 _aDorf, Richard C.
245 1 _aModern Control systems /
_cRichard C. Dorf and Robert H. Bishop
250 _a8th ed.
260 _aDelhi
_bPearson
_c2006
650 _aOther branches of engineering
650 _aAutomatic control engineering
700 1 _aBishop, Robert H.
942 _cBOOK
999 _c172
_d172